000 00338nam a2200157Ia 4500
001 9152
003 IN-NITTTR
005 20251114233044.0
008 251113s9999||||xx |||||||||||||| ||eng||
040 _beng
040 _cIN-NITTTR
041 _aeng
082 _a615.535 S27R
245 0 _aRheumatism and arthritis /
942 _2ddc
_cBK
999 _c11789
_d11789